| 000 | 00778nas a2200253 4500 | ||
|---|---|---|---|
| 001 | BR9704906 | ||
| 003 | BR-BrBNA | ||
| 005 | 20231205100558.0 | ||
| 007 | ta | ||
| 008 | 230509b bl.|||p| |||| 00| 00por d | ||
| 040 |
_aBR-BrBNA _bpor _cBiblioteca Nacional de Agricultura |
||
| 041 | _a(Pt) | ||
| 072 | _aH10 | ||
| 100 | 1 | _aCosta, I.F.D. da | |
| 100 | 1 | _aLeao, J.D.J. | |
| 245 | 1 | _aEficiencia do oxido de fenbutatin sobre formas moveis do acaro vermelho europeu (Panonychus ulmi Koch.)em macieira | |
| 650 | _aMaca | ||
| 650 | _aAcaro | ||
| 650 | _aPulverizacao | ||
| 650 | _aControle Quimico | ||
| 773 | 0 |
_tCiencia Rural (Brazil) _xISSN 0103-8478 _g(Apr-Jun 1997), v. 27(2) p. 337-338 _wBR9704906 |
|
| 909 |
_a202311 _bLúcia _c55 _dLúcia Elande |
||
| 942 |
_2AGRIS _n0 _cANA |
||
| 999 |
_c156799 _d156799 |
||